Normal view
MARC view
- NC Ahmad Hassan Sadiq NC Maisam Hassan GC Umer Nawaz Khan
Entry Personal Name
001 - CONTROL NUMBER
- control field: 73105
003 - CONTROL NUMBER IDENTIFIER
- control field: NUST
005 - DATE AND TIME OF LATEST TRANSACTION
- control field: 20210628204953.0
008 - FIXED-LENGTH DATA ELEMENTS
- fixed length control field: 210628|| aca||aabn | a|a d
040 ## - CATALOGING SOURCE
- Original cataloging agency: NUST
- Transcribing agency: NUST
100 ## - HEADING--PERSONAL NAME
- Personal name: NC Ahmad Hassan Sadiq NC Maisam Hassan GC Umer Nawaz Khan
670 ## - SOURCE DATA FOUND
- Source citation: Work cat.: (NUST): NC Ahmad Hassan Sadiq NC Maisam Hassan GC Umer Nawaz Khan, PR-SOF-1945-Vapor Absorption Air Conditioning System for an Automobile Using Engine Waste Heat Recovery, 2020
